| 000 | 00956nam a2200193 i 4500 | ||
|---|---|---|---|
| 001 | 28344 | ||
| 003 | ES-MaACL | ||
| 005 | 20230906153834.0 | ||
| 007 | t| | ||
| 008 | 030117s1869 sp ||||1| spa d | ||
| 245 | 0 | 0 |
_aBaños de Zaldívar (Zaldua) en Vizcaya _b: gran establecimiento balneario de Zaldivar en la provincia de Vizcaya (Merindad de Durango) : propiedad del sr. conde de Peñaflorida : aguas sulfuro-salino-alcalinas únicas en su clase en las Provincias Vascongadas : breve reseña del mismo y de las propiedades medicinales de sus aguas. |
| 260 |
_aBilbao : _bJ. E. Delmás, _c1869. |
||
| 300 |
_a19 p. ; _c20 cm. |
||
| 530 | _aDisponible también en sitio web. | ||
| 650 |
_aAguas minerales- _zPaís Vasco. _9172296 |
||
| 650 | 4 |
_aBalnearios- _zZaldíbar. _9152986 |
|
| 852 |
_aES-MaACL _jT-470-F-15 |
||
| 856 |
_uhttp://bibliotecadigitalhispanica.bne.es:80/webclient/DeliveryManager?pid=1680528&custom_att_2=simple_viewer _zIr a la página |
||
| 999 |
_c28344 _d28344 |
||